Statistics for Countries of Asia Quiz

Click here to take the quiz!

General Stats

  • This quiz has been taken 16 times
  • The average score is 48 of 51

Answers on the Map

Answers color-coded by a green-red scale on the quiz's map according to % correct below.
 

Answer Stats

Country% Correct
Bangladesh
100%
China
100%
India
100%
Indonesia
100%
Israel
100%
Japan
100%
Jordan
100%
Kuwait
100%
Malaysia
100%
Nepal
100%
North Korea
100%
Pakistan
100%
Philippines
100%
Saudi Arabia
100%
Singapore
100%
South Korea
100%
Taiwan
100%
Thailand
100%
Turkey
100%
United Arab Emirates
100%
Uzbekistan
100%
Vietnam
100%
Afghanistan
93%
Armenia
93%
Azerbaijan
93%
Bhutan
93%
Brunei
93%
Cambodia
93%
Cyprus
93%
East Timor
93%
Georgia
93%
Iran
93%
Iraq
93%
Kazakhstan
93%
Kyrgyzstan
93%
Laos
93%
Lebanon
93%
Mongolia
93%
Myanmar
93%
Oman
93%
Qatar
93%
Sri Lanka
93%
Tajikistan
93%
Timor-Leste
93%
Turkmenistan
93%
Yemen
93%
Bahrain
86%
Maldives
86%
Syria
86%
Palestine
64%
Russia
57%

Score Distribution

Percentile by Number Answered

Percent of People with Each Score

Your Score History

You have not taken this quiz